N'oubliez pas les paroles ! #7 - Statistiques

Statistiques générales
  • Ce quiz a été pris 124 fois
    119 depuis la dernière actualisation
  • Le résultat moyen est 4 sur 10
Statistiques - réponses
Chansons Chanteurs Paroles précédentes Paroles à trouver % Correct
Beau-Papa Vianney Y’a pas que les gènes
Qui font les familles
Des humains qui s’aiment
Suffisent
Et si l’averse
Nous touche toi et moi, on... (6 mots)
La traverse à deux à trois
85%
Tahiti Keen'V Fleur de Tiaré (hé hé)
Et Manava (ah ah)
Quand j'y serai je ne repartirai pas Un jour j'irai à Tahiti, c'est là que j'... (4 mots)
Vivrai ma meilleure vie
70%
Jolie Nana Aya Nakamura Si c'est fini, c'est la vie, c'est la vie, vie, vie
Et bientôt, j'aurai tout zappé
Chéri oui, oui, oui
Jolie nana recherche joli djo
Comment on fait ? J'... (4 mots)
Suis pas très mytho
49%
Les planètes Matt Pokora Un shot, je pense à toi
Deux shots, je pense à toi
Trois shots, je pense à toi
Quand je danse
Quand tu danses, Des... (4 mots)
Planètes tournent tout autour
47%
Lettre à une femme Ninho
Oh mi amor, c'est que nous deux, fuck le reste (fuck)
C'est toi la best (ouais), en classe affaire, ici, c'est trop la guerre A toi mon bebe, a toi ma future femme, y... (5 mots)
Aura des trucs à respecter
41%
Angela Hatik
J'te vois derrière les vitres teintées
Ce soir j'vais quitter l'rainté
Regarde-moi dans les yeux, j'deviens amnésique
J'crois qu'ton corps me... (5 mots)
Rappelle des souvenirs d'Amérique
40%
La fête Amir On réfléchira demain
Tant pis pour l'cœur à moitié vide
Tant que des potes, on en a plein
On est tous nés pour faire la fête
Comme si... (5 mots)
On l'avait jamais faite
37%
Evidemment Kendji Girac
Évidemment
On pleure un peu
Pour mieux s'aimer, Être... (6 mots)
A deux c'est pas donné
33%
Jusqu'ici tout va bien Gims Malgré les hauts, les bas, je sais
M'accorder un dernier essai
Je vois la vie me faire un signe
J'ai lutté pour en être digne Je crois qu'tout va bien jusqu'ici... (5 mots)
Quitté par un cœur indécis
13%
Donne moi ton coeur Louane Donne-moi ton cœur
Ta main et le reste
Donne-moi c'que tu es
C'que tu es
Dis-moi tes peurs
Chagrin et le... (6 mots)
Reste, dis-moi qui tu es
7%
Aucun quiz correspondant
Distribution des résultats
% des personnes avec chaque résultat
Percentile par nombre de réponses
Votre historique - résultats
Vous n’avez pas pris ce quiz depuis la dernière actualisation